[Event "SVK-chT1E 1819"]
[Site "Slovakia"]
[Date "2019.02.02"]
[Round "7.8"]
[White "Medvec, Miroslav"]
[Black "Elias, David"]
[Result "0-1"]
[WhiteElo "2030"]
[BlackElo "1659"]
[PlyCount "84"]
[EventDate "2018.10.27"]
[EventType "team-tourn"]
[EventRounds "11"]
[EventCountry "SVK"]
[SourceTitle "CBM 188 Extra"]
[Source "ChessBase"]
[SourceDate "2019.02.28"]
[SourceVersion "1"]
[SourceVersionDate "2019.02.28"]
[SourceQuality "1"]
[WhiteTeam "Liptov Chess School II"]
[BlackTeam "Sabinov"]
[WhiteTeamCountry "SVK"]
[BlackTeamCountry "SVK"]

1. d4 Nf6 2. c4 g6 3. Nc3 Bg7 4. e4 d6 5. Nf3 0-0 6. Be2 e5 7. 0-0 Nc6 8. d5 Ne7 9. b4 Nd7 10. Nd2 f5 11. f3 f4 12. Ba3 g5 13. c5 Nf6 14. cxd6 cxd6 15. Rc1 Bd7 16. Rf2 Rf7 17. Bb5 Bxb5 18. Nxb5 Ng6 19. Nc4 Bf8 20. Rfc2 a6 21. Nc3 h5 22. Kh1 g4 23. Qg1 g3 24. h3 Ng4 25. fxg4 hxg4 26. Qd1 gxh3 27. Qg4 hxg2+ 28. Kxg2 Qf6 29. Rh1 Re8 30. Nd2 Rg7 31. Nf3 Ree7 32. Rh5 Ref7 33. Qg5 Qxg5 34. Nxg5 f3+ 35. Kxg3 Nf4 36. Kxf3 Rf6 37. Kg4 Nxh5 38. Kxh5 Rf1 39. Rg2 Be7 40. b5 Rh1+ 41. Kg4 Rxg5+ 42. Kf3 Rh3+ 0-1

[Event "SVK-chT2C 1516"]
[Site "Slovakia"]
[Date "2015.11.08"]
[Round "4.7"]
[White "Jakab, Stefan"]
[Black "Medvec, Miroslav"]
[Result "1/2-1/2"]
[WhiteElo "1869"]
[BlackElo "1967"]
[PlyCount "114"]
[EventDate "2015.10.17"]
[EventType "team-tourn"]
[EventRounds "11"]
[EventCountry "SVK"]
[SourceTitle "CBM 169 Extra"]
[Source "ChessBase"]
[SourceDate "2015.12.18"]
[SourceVersion "1"]
[SourceVersionDate "2015.12.18"]
[SourceQuality "1"]
[WhiteTeam "Cebovce"]
[BlackTeam "Liptov Chess School III"]
[WhiteTeamCountry "SVK"]
[BlackTeamCountry "SVK"]

1. e4 c5 2. Nf3 Nc6 3. d4 cxd4 4. Nxd4 g6 5. Nc3 Bg7 6. Be3 Nf6 7. Be2 0-0 8. 0-0 d5 9. exd5 Nxd5 10. Nxd5 Qxd5 11. Bf3 Qc4 12. Nxc6 bxc6 13. c3 Rb8 14. b3 Qxc3 15. Rc1 Qa5 16. Qd2 Qxd2 17. Bxd2 Bd4 18. Bxc6 Rd8 19. Ba5 Bb6 20. Bxb6 axb6 21. Rfd1 Be6 22. Kf1 Rxd1+ 23. Rxd1 Rc8 24. Be4 f5 25. Bd3 Kf7 26. f4 h6 27. Ke2 g5 28. Ke3 Kf6 29. g3 gxf4+ 30. Kxf4 Rc5 31. Re1 Bf7 32. h4 e5+ 33. Ke3 e4 34. Be2 Ke5 35. Rd1 Rc3+ 36. Kf2 Rc2 37. Ke1 Rxa2 38. Bc4 Bxc4 39. bxc4 Rc2 40. Rd5+ Ke6 41. Rb5 Rxc4 42. Rxb6+ Ke5 43. Rb5+ Kf6 44. Rb6+ Kg7 45. h5 Rc3 46. Kf2 Rf3+ 47. Kg2 f4 48. gxf4 Rxf4 49. Kg3 Rf5 50. Re6 Rxh5 51. Rxe4 Kf6 52. Rf4+ Kg5 53. Rf8 Rh1 54. Rh8 Ra1 55. Rg8+ Kh5 56. Rh8 Ra3+ 57. Kf4 Ra4+ 1/2-1/2

[Event "SVK-chT2C 1415"]
[Site "Slovakia"]
[Date "2014.11.08"]
[Round "3.6"]
[White "Listiak, Juraj"]
[Black "Medvec, Miroslav"]
[Result "1/2-1/2"]
[WhiteElo "1980"]
[BlackElo "1936"]
[PlyCount "41"]
[EventDate "2014.10.11"]
[EventType "team-tourn"]
[EventRounds "11"]
[EventCountry "SVK"]
[SourceTitle "EXT 2016"]
[Source "ChessBase"]
[SourceDate "2015.10.08"]
[SourceVersion "1"]
[SourceVersionDate "2015.10.08"]
[SourceQuality "1"]
[WhiteTeam "Banska Bystrica Kurta"]
[BlackTeam "Liptov Chess School III"]
[WhiteTeamCountry "SVK"]
[BlackTeamCountry "SVK"]

1. e4 e5 2. Nf3 Nc6 3. Bb5 a6 4. Ba4 Nf6 5. d4 exd4 6. 0-0 Be7 7. Re1 0-0 8. e5 Ne8 9. c3 dxc3 10. Nxc3 d6 11. Nd5 Bg4 12. Nxe7+ Qxe7 13. Bxc6 bxc6 14. Bf4 Qd7 15. Rc1 Qf5 16. Qa4 Bxf3 17. gxf3 c5 18. Qe4 Qxe4 19. fxe4 Rb8 20. Rc2 f6 21. exd6 1/2-1/2

[Event "SVK-chT2C 1314"]
[Site "Slovakia"]
[Date "2014.02.01"]
[Round "7.8"]
[White "Hlavac, Pavol"]
[Black "Medvec, Miroslav"]
[Result "0-1"]
[WhiteElo "1725"]
[BlackElo "1924"]
[PlyCount "110"]
[EventDate "2013.10.19"]
[EventType "team-tourn"]
[EventRounds "11"]
[EventCountry "SVK"]
[SourceTitle "EXT 2015"]
[Source "ChessBase"]
[SourceDate "2014.11.20"]
[SourceVersion "1"]
[SourceVersionDate "2014.11.20"]
[SourceQuality "1"]
[WhiteTeam "Liptovska Stiavnica"]
[BlackTeam "Liptov Chess School II"]
[WhiteTeamCountry "SVK"]
[BlackTeamCountry "SVK"]

1. e4 e5 2. Nf3 Nc6 3. Nc3 Nf6 4. d4 exd4 5. Nd5 Nb4 6. Nxf6+ Qxf6 7. e5 Qg6 8. Nxd4 Bc5 9. c3 Bxd4 10. cxb4 Qe4+ 11. Qe2 Qxe2+ 12. Bxe2 Bxe5 13. 0-0 0-0 14. Re1 d6 15. Bf3 c6 16. Be4 Be6 17. a3 Rae8 18. Rb1 Ba2 19. Ra1 Bc4 20. Rd1 Bf6 21. Bf3 d5 22. g3 Be2 23. Bxe2 Rxe2 24. Rb1 Rfe8 25. Bd2 Bd4 26. Be3 Bxe3 27. fxe3 R8xe3 28. Rf1 f6 29. Rf2 Kf7 30. Kf1 Rxf2+ 31. Kxf2 Re5 32. Rc1 Ke6 33. b5 Kd6 34. bxc6 bxc6 35. b4 Re4 36. Rc5 d4 37. Rc4 f5 38. Kf3 g6 39. Kf2 d3 40. Rc3 Rd4 41. Ke1 d2+ 42. Kd1 Rd5 43. Re3 Kc7 44. Re7+ Rd7 45. Re5 Kb6 46. Re3 Kb5 47. Rc3 Ka4 48. Re3 a5 49. bxa5 Kxa5 50. Rc3 Rd6 51. Re3 Ka4 52. Re7 Kxa3 53. Rxh7 c5 54. Rc7 Kb4 55. Rb7+ Kc3 0-1

[Event "SVK-chT2C 1112"]
[Site "Slovakia"]
[Date "2012.02.25"]
[Round "10.8"]
[White "Soltys, Peter"]
[Black "Medvec, Miroslav"]
[Result "1/2-1/2"]
[WhiteElo "1815"]
[BlackElo "1843"]
[PlyCount "92"]
[EventDate "2011.10.08"]
[EventType "team-tourn"]
[EventRounds "11"]
[EventCountry "SVK"]
[SourceTitle "EXT 2013"]
[Source "ChessBase"]
[SourceDate "2012.11.22"]
[SourceVersion "1"]
[SourceVersionDate "2012.11.22"]
[SourceQuality "1"]
[WhiteTeam "Zilina Mladost II"]
[BlackTeam "Liptov Chess School II"]
[WhiteTeamCountry "SVK"]
[BlackTeamCountry "SVK"]

1. e4 e5 2. Nf3 Nc6 3. Bb5 a6 4. Ba4 Nf6 5. 0-0 Be7 6. Re1 b5 7. Bb3 0-0 8. c3 d5 9. exd5 Nxd5 10. Nxe5 Nxe5 11. Rxe5 c6 12. d4 Bd6 13. Re1 Qh4 14. g3 Qh3 15. Qf3 Bg4 16. Qg2 Qh5 17. Bxd5 cxd5 18. Be3 Bf3 19. Qf1 f5 20. Nd2 f4 21. Nxf3 fxe3 22. Rxe3 Rxf3 23. Qe2 Raf8 24. Rxf3 Qxf3 25. Qe6+ Qf7 26. Qxd6 Qxf2+ 27. Kh1 Qf3+ 28. Kg1 Qf2+ 29. Kh1 Qxb2 30. Re1 Qxc3 31. Qxd5+ Kh8 32. Qe4 h6 33. d5 Qc4 34. Qxc4 bxc4 35. Rc1 Rd8 36. Rxc4 Rxd5 37. Ra4 a5 38. Kg2 Kg8 39. Kf3 Kf7 40. h4 Ke6 41. Re4+ Kf6 42. g4 Rd3+ 43. Re3 Rd4 44. Re4 Rd3+ 45. Re3 Rd4 46. Re4 Rd3+ 1/2-1/2

[Event "SVK-chT2C 0910"]
[Site "Slovakia"]
[Date "2009.10.11"]
[Round "2.8"]
[White "Marcinek, Michal"]
[Black "Medvec, Miroslav"]
[Result "1-0"]
[WhiteElo "2004"]
[BlackElo "1863"]
[PlyCount "87"]
[EventDate "2009.10.10"]
[EventType "team-tourn"]
[EventRounds "11"]
[EventCountry "SVK"]
[SourceTitle "EXT 2011"]
[Source "ChessBase"]
[SourceDate "2010.11.26"]
[SourceVersion "1"]
[SourceVersionDate "2010.11.26"]
[SourceQuality "1"]
[WhiteTeam "Zilina DMS"]
[BlackTeam "Liptov Chess School II"]
[WhiteTeamCountry "SVK"]
[BlackTeamCountry "SVK"]

1. e4 e5 2. Nf3 Nc6 3. Bb5 a6 4. Ba4 Nf6 5. 0-0 Be7 6. Re1 b5 7. Bb3 0-0 8. c3 d6 9. h3 Bb7 10. d3 Qd7 11. Nbd2 Nd8 12. Nf1 Ne6 13. Ng3 c5 14. Nf5 Rfc8 15. Qe2 Bf8 16. Ng5 c4 17. dxc4 Nxg5 18. Bxg5 Nxe4 19. Qg4 Nxg5 20. Nh6+ gxh6 21. Qxd7 Bc6 22. Qf5 bxc4 23. Bc2 Bg7 24. Rad1 Rd8 25. h4 Bd7 26. Qxd7 Rxd7 27. hxg5 hxg5 28. Be4 Rb8 29. Rd2 Rb5 30. Bc6 Rbb7 31. Bxb7 Rxb7 32. Rxd6 Rxb2 33. Rd8+ Bf8 34. Rxe5 Kg7 35. Rxg5+ Kf6 36. Ra5 Be7 37. Rxa6+ Kg7 38. Rc8 Bh4 39. g3 Bf6 40. Rxc4 Rb1+ 41. Kg2 h5 42. a4 Rc1 43. Rac6 Ra1 44. R6c5 1-0

[Event "Pardubice Medis op"]
[Site "Pardubice"]
[Date "2007.07.16"]
[Round "7"]
[White "Medvec, Miroslav"]
[Black "Savitskiy, Sergey"]
[Result "0-1"]
[WhiteElo "1661"]
[BlackElo "2127"]
[PlyCount "56"]
[EventDate "2007.07.12"]
[EventType "swiss"]
[EventRounds "9"]
[EventCountry "CZE"]
[SourceTitle "EXT 2008"]
[Source "ChessBase"]
[SourceDate "2007.11.25"]
[SourceVersion "1"]
[SourceVersionDate "2007.11.25"]
[SourceQuality "1"]

1. e4 c5 2. Nf3 Nc6 3. d4 cxd4 4. Nxd4 g6 5. Be3 Bg7 6. Nc3 Nf6 7. Be2 0-0 8. Qd2 d6 9. 0-0-0 Nxd4 10. Bxd4 Be6 11. Kb1 Qa5 12. Nd5 Qxd2 13. Nxe7+ Kh8 14. Rxd2 Nxe4 15. Rdd1 Rfe8 16. f3 Nf6 17. Bxf6 Bxf6 18. Nd5 Bxd5 19. Bb5 Bc6 20. Bxc6 bxc6 21. Rxd6 Re6 22. Rd7 Kg8 23. Rhd1 a5 24. a3 a4 25. Rb7 Kf8 26. Ka2 Rae8 27. Ra7 Rb8 28. Rb1 Re2 0-1

[Event "SVK-ch U16"]
[Site "Liptovsky Mikulas"]
[Date "2007.04.26"]
[Round "7"]
[White "Medvec, Miroslav"]
[Black "Baksa, Milan"]
[Result "1-0"]
[WhiteElo "1658"]
[BlackElo "1487"]
[PlyCount "37"]
[EventDate "2007.04.22"]
[EventType "swiss"]
[EventRounds "9"]
[EventCountry "SVK"]
[SourceTitle "EXT 2008"]
[Source "ChessBase"]
[SourceDate "2007.11.25"]
[SourceVersion "1"]
[SourceVersionDate "2007.11.25"]
[SourceQuality "1"]

1. e4 e5 2. Nf3 Nc6 3. Nc3 Be7 4. Bb5 d6 5. d4 Bd7 6. Bxc6 Bxc6 7. dxe5 dxe5 8. Qxd8+ Rxd8 9. Nxe5 Rd6 10. Nd3 Re6 11. f3 Bb4 12. Nxb4 Nf6 13. Bf4 0-0 14. Bxc7 Nh5 15. 0-0-0 Rc8 16. Bg3 Nxg3 17. hxg3 Re5 18. Nxc6 Rxc6 19. Rd8+ 1-0

[Event "SVK-ch U16"]
[Site "Liptovsky Mikulas"]
[Date "2007.04.24"]
[Round "5"]
[White "Medvec, Miroslav"]
[Black "Kral, David"]
[Result "1-0"]
[WhiteElo "1658"]
[BlackElo "1380"]
[PlyCount "69"]
[EventDate "2007.04.22"]
[EventType "swiss"]
[EventRounds "9"]
[EventCountry "SVK"]
[SourceTitle "EXT 2008"]
[Source "ChessBase"]
[SourceDate "2007.11.25"]
[SourceVersion "1"]
[SourceVersionDate "2007.11.25"]
[SourceQuality "1"]

1. e4 e5 2. Nf3 Nc6 3. Nc3 Nf6 4. d4 d6 5. dxe5 dxe5 6. Qxd8+ Kxd8 7. Bc4 Bb4 8. Ng5 Nd4 9. Bb3 Be6 10. Nxe6+ Nxe6 11. Bxe6 fxe6 12. f3 Kd7 13. Bd2 Rad8 14. 0-0-0 Kc8 15. a3 Ba5 16. Nb1 Bxd2+ 17. Nxd2 g5 18. Nc4 Nd7 19. h4 Rdg8 20. hxg5 Rxg5 21. g4 h5 22. Rh3 Nf6 23. Rdh1 b5 24. Ne3 Kd8 25. Nf1 Ke7 26. Ng3 Rhg8 27. Nxh5 Nxh5 28. Rxh5 Rxh5 29. Rxh5 Kd6 30. Kd2 a5 31. Ke2 c5 32. Kf2 b4 33. a4 c4 34. Kg3 Kc5 35. Rxe5+ 1-0

[Event "SVK-ch U16"]
[Site "Liptovsky Mikulas"]
[Date "2007.04.23"]
[Round "3"]
[White "Markuliak, Mario"]
[Black "Medvec, Miroslav"]
[Result "1-0"]
[WhiteElo "1588"]
[BlackElo "1658"]
[PlyCount "55"]
[EventDate "2007.04.22"]
[EventType "swiss"]
[EventRounds "9"]
[EventCountry "SVK"]
[SourceTitle "EXT 2008"]
[Source "ChessBase"]
[SourceDate "2007.11.25"]
[SourceVersion "1"]
[SourceVersionDate "2007.11.25"]
[SourceQuality "1"]

1. c4 Nf6 2. Nc3 g6 3. g3 Bg7 4. Bg2 0-0 5. Nf3 c6 6. 0-0 d6 7. d4 Nbd7 8. Bg5 h6 9. Bd2 c5 10. Qc2 cxd4 11. Nxd4 Ne5 12. b3 Nfd7 13. Rad1 Nxc4 14. bxc4 Bxd4 15. Bxh6 Bg7 16. Bxg7 Kxg7 17. Ne4 Rh8 18. c5 f5 19. Qc3+ Kh6 20. Qc1+ Kg7 21. Qc3+ Kg8 22. Ng5 Nf6 23. Qb3+ e6 24. Nxe6 Bxe6 25. Qxe6+ Kg7 26. Rxd6 Qf8 27. Rb1 Re8 28. Rxb7+ 1-0

[Event "SVK-ch U16"]
[Site "Liptovsky Mikulas"]
[Date "2007.04.23"]
[Round "2"]
[White "Medvec, Miroslav"]
[Black "Csiba, Dominik"]
[Result "0-1"]
[WhiteElo "1658"]
[BlackElo "2121"]
[PlyCount "92"]
[EventDate "2007.04.22"]
[EventType "swiss"]
[EventRounds "9"]
[EventCountry "SVK"]
[SourceTitle "EXT 2008"]
[Source "ChessBase"]
[SourceDate "2007.11.25"]
[SourceVersion "1"]
[SourceVersionDate "2007.11.25"]
[SourceQuality "1"]

1. e4 c5 2. Nf3 Nc6 3. d4 cxd4 4. Nxd4 Nf6 5. Nc3 e5 6. Ndb5 d6 7. Bg5 a6 8. Na3 b5 9. Nd5 Be7 10. Bxf6 Bxf6 11. c3 0-0 12. Nc2 Rb8 13. Nce3 Bg5 14. Bd3 Be6 15. 0-0 Ne7 16. Qc2 g6 17. a4 Bxe3 18. Nxe3 d5 19. axb5 axb5 20. Rad1 d4 21. Be2 Qb6 22. Ng4 Bxg4 23. Bxg4 Nc6 24. Rd3 b4 25. c4 Qc5 26. Rh3 Rb7 27. Qc1 f5 28. exf5 gxf5 29. Bf3 e4 30. Rg3+ Kh8 31. Bh5 f4 32. Rh3 Rg7 33. b3 Rg5 34. Bd1 Qf5 35. Rh4 f3 36. g3 Rh5 37. Rxh5 Qxh5 38. h4 Qg4 39. Kh2 Kg7 40. Qg5+ Qxg5 41. hxg5 Kg6 42. Bc2 d3 43. Bb1 Kxg5 44. Re1 Kf5 45. Re3 Ne5 46. Re1 Ra8 0-1

[Event "SVK-chT2C 0607"]
[Site "Slovakia"]
[Date "2007.03.18"]
[Round "11.6"]
[White "Pavel, Jozef"]
[Black "Medvec, Miroslav"]
[Result "1-0"]
[WhiteElo "1942"]
[BlackElo "1658"]
[PlyCount "45"]
[EventDate "2006.10.14"]
[EventType "team-tourn"]
[EventRounds "11"]
[EventCountry "SVK"]
[SourceTitle "EXT 2019"]
[Source "ChessBase"]
[SourceDate "2018.10.10"]
[SourceVersion "1"]
[SourceVersionDate "2018.10.10"]
[SourceQuality "1"]
[WhiteTeam "Zilina Mladost II"]
[BlackTeam "Liptov SK Vychod"]
[WhiteTeamCountry "SVK"]
[BlackTeamCountry "SVK"]

1. e4 e5 2. Nf3 Nc6 3. Bb5 a6 4. Ba4 Nf6 5. 0-0 Be7 6. Re1 b5 7. Bb3 0-0 8. c3 d6 9. h3 Bb7 10. d4 Re8 11. Nbd2 Bf8 12. a4 Nb8 13. axb5 exd4 14. Ng5 d5 15. e5 dxc3 16. bxc3 Nfd7 17. Qh5 h6 18. Qxf7+ Kh8 19. Ne6 Qc8 20. Nf3 axb5 21. Rxa8 Bxa8 22. Nh4 Re7 23. Ng6+ 1-0

[Event "Beskydy Heart"]
[Site "Czech Republic"]
[Date "2007.??.??"]
[Round "2"]
[White "Jacko, Vladimir"]
[Black "Medvec, Miroslav"]
[Result "1-0"]
[WhiteElo "2186"]
[BlackElo "1661"]
[PlyCount "29"]
[EventDate "2007.??.??"]
[EventType "k.o."]
[EventRounds "4"]
[EventCountry "CZE"]
[SourceTitle "EXT 2010"]
[Source "ChessBase"]
[SourceDate "2010.11.25"]
[SourceVersion "1"]
[SourceVersionDate "2010.11.25"]
[SourceQuality "1"]

1. d4 d5 2. c4 e6 3. Nc3 c6 4. e4 dxe4 5. Nxe4 Bb4+ 6. Bd2 Qxd4 7. Bxb4 Qxe4+ 8. Be2 Na6 9. Bd6 c5 10. Nf3 Nb4 11. 0-0 b6 12. Ne5 f6 13. Bf3 Qf5 14. Bxa8 fxe5 15. Qa4+ 1-0